Macro economic theory (Record no. 1500)

MARC details
000 -LEADER
fixed length control field 00477cam a2200193ua 4500
008 - FIXED-LENGTH DATA ELEMENTS--GENERAL INFORMATION
fixed length control field 110713n ii |||gr||||Z||||||eng
020 ## - INTERNATIONAL STANDARD BOOK NUMBER
International Standard Book Number 81-272-1173-7
040 ## - CATALOGING SOURCE
Transcribing agency MAIN
082 ## - DEWEY DECIMAL CLASSIFICATION NUMBER
Classification number 339.01
100 1# - MAIN ENTRY--PERSONAL NAME
Personal name Chopra, P. N.,
Relator term
245 1# - TITLE STATEMENT
Title Macro economic theory
Statement of responsibility, etc. by P. N. Chopra
250 ## - EDITION STATEMENT
Edition statement 3rd.
260 ## - PUBLICATION, DISTRIBUTION, ETC.
Place of publication, distribution, etc. Ne Delhi:
Name of publisher, distributor, etc. Kalyani Publishers,
Date of publication, distribution, etc. 2003.
300 ## - PHYSICAL DESCRIPTION
Extent 484p:
Dimensions 25cm.
942 ## - ADDED ENTRY ELEMENTS (KOHA)
Koha item type Books
653 ## - INDEX TERM--UNCONTROLLED
Uncontrolled term Economics
653 ## - INDEX TERM--UNCONTROLLED
Uncontrolled term Macro economic theory
Holdings
Withdrawn status Lost status Damaged status Not for loan Home library Current library Shelving location Date acquired Total Checkouts Full call number Barcode Date last seen Date last checked out Copy number Price effective from Koha item type
        Central Library, Naharkatiya College Central Library, Naharkatiya College General Stacks 19/09/2020 2 339.01 | CHO 17938 03/06/2022 19/05/2022 1 19/09/2020 Books

Naharkatiya College © 2020. All rights reserved.

Powered By